Neonatal Resuscitation Textbook (with DVD) (Record no. 2524)

000 -LEADER
fixed length control field 00332nam a2200133K 4500
003 - CONTROL NUMBER IDENTIFIER
control field OSt
005 - DATE AND TIME OF LATEST TRANSACTION
control field 20210713080534.0
008 - FIXED-LENGTH DATA ELEMENTS--GENERAL INFORMATION
fixed length control field 210713b ||||| |||| 00| 0 eng d
020 ## - INTERNATIONAL STANDARD BOOK NUMBER
International Standard Book Number 1581104987
040 ## - CATALOGING SOURCE
Transcribing agency ALUPE UNIVERSITY
050 ## - LIBRARY OF CONGRESS CALL NUMBER
Classification number RJ 312
Item number .T49 2011
245 00 - TITLE STATEMENT
Title Neonatal Resuscitation Textbook (with DVD)
942 ## - ADDED ENTRY ELEMENTS (KOHA)
Source of classification or shelving scheme
Koha item type Book
Suppress in OPAC PW
Holdings
Withdrawn status Lost status Source of classification or shelving scheme Damaged status Not for loan Permanent Location Current Location Shelving location Date acquired Total Checkouts Full call number Barcode Date last seen Price effective from Koha item type Public note Source of acquisition Copy number
          AU LIBRARY AU LIBRARY Open Shelf 13.07.2021   RJ 312 .T49 2011 28003554 13.07.2021 13.07.2021 Book PW    
          AU LIBRARY AU LIBRARY Open Shelf 25.03.2022   RJ 312 .T49 2011 C2 28006351 25.03.2022 25.03.2022 Book MM DONATION FROM MOI UNIVERSITY 2

Powered by Koha